000 00661nam a2200205 i 4500
001 bg
245 0 0 _aMontaż nieliniowy w praktyce :
_bAdobe Premiere 5.0, MediaStudio Pro /
_cHDP Electronics.
260 _aWrocław :
_bHDP Electronics,
_c2000.
300 _a80 s. :
_bil. ;
_c15 x 21 cm +
_eCD ROM.
650 9 _aMultimedia
_xpodręcznik
650 9 _aPremiere
650 9 _aMediaStudio Pro
655 _aPodręczniki
040 _cBPK
041 0 _apl
080 _a004.032.6:004.42
942 _cKS
008 s pl f |000 0 pol
856 _uhttp://koha.tu.koszalin.pl/cgi-bin/koha/opac-detail.pl?biblionumber=38602
_yKatalog online BPK
999 _c38602
_d38602